| 000 | 00487nam a2200169 i 4500 | ||
|---|---|---|---|
| 001 | 96259 | ||
| 003 | ES-MaACL | ||
| 007 | t| | ||
| 008 | 050614s1952 sp ||||1| spa d | ||
| 100 | 1 |
_aMaeztu, Ramiro de, _d1875-1936 _975421 |
|
| 245 | 1 | 0 |
_aDefensa de la Hispanidad / _cpor Ramiro de Maeztu. |
| 250 | _a6ª ed. | ||
| 260 |
_aMadrid : _b[s.n.], _c1952 ( _fNebrija) |
||
| 300 |
_a295 p., 1 lám. ret. aut. ; _c21 cm. |
||
| 852 |
_aES-MaACL _jC-8395 |
||
| 999 |
_c96259 _d96259 |
||